01065nam a2200205 a 4500090002100000041000800021100002800029245013900057260006600196300001000262520026800272650002500540650002600565650002900591662005100620700002900671700003200700773011200732999001500844 aIAVHb00765 CD-1 aspa aMúnera, Claudia94663 aEspecies amenazadas de la Serranía de las Quinchas, jurisdicción de la Corporación Autónoma Regional de Boyacá (CORPOBOYACA) aBogotábInstituto Alexander von HumboldtbCORPOBOYACAc2002 a23 p. aSe identifican las especies de aves amenazadas con distribución confirmada el el área de la Serranía de las Quinchas - Boyacá, y con potencial de distribución allí mismo. Se identifican los ecosistemas en los que se encuentran las especies amenazadas. aBiodiversidad992204 aConservación992401 aEspecies amenazadas9157 aColombiacSerranía de las QuinchasbBoyacá aFranco, Ana María9408 aRenjifo, Luis Miguel9925410 0598699704abdBogotá Informatica documental 2007o024802tInformes de investigaciones IAVH en PDFwxz c6041d6041